MARC details
| 000 -CABECERA |
| campo de control de longitud fija |
01143cam a2200229 a 4500 |
| 001 - NÚMERO DE CONTROL |
| campo de control |
000014014 |
| 005 - FECHA Y HORA DE LA ÚLTIMA TRANSACCIÓN |
| campo de control |
20200929163434.0 |
| 008 - DATOS DE LONGITUD FIJA--INFORMACIÓN GENERAL |
| campo de control de longitud fija |
020317s2001 mx 001 0 spa |
| 020 ## - NÚMERO INTERNACIONAL ESTÁNDAR DEL LIBRO |
| Número Internacional Estándar del Libro |
9686075968 |
| 040 ## - FUENTE DE LA CATALOGACIÓN |
| Centro catalogador/agencia de origen |
DO-SdBNP |
| Lengua de catalogación |
spa |
| Centro/agencia transcriptor |
DLC |
| Centro/agencia modificador |
BNPHU |
| 082 ## - NÚMERO DE LA CLASIFICACIÓN DECIMAL DEWEY |
| Número de clasificación |
324.29722 |
| Número de documento/Ítem |
H557d |
| 049 ## - FONDOS LOCALES (OCLC) |
| Fondos de biblioteca |
BNGR |
| 100 1# - ENTRADA PRINCIPAL--NOMBRE DE PERSONA |
| Nombre de persona |
Hernández Vicencio, Tania. |
| 9 (RLIN) |
31707 |
| 245 10 - MENCIÓN DE TÍTULO |
| Título |
De la oposición al poder : |
| Resto del título |
el PAN en baja California, 1986-2000 / |
| Mención de responsabilidad, etc. |
Tania Hernández Vicencio. |
| 246 3# - FORMA VARIANTE DE TÍTULO |
| Título propio/Titulo breve |
Partido Acción Nacional (México) en Baja California, 1986-2000 |
| 260 ## - PUBLICACIÓN, DISTRIBUCIÓN, ETC. |
| Lugar de publicación, distribución, etc. |
México : |
| Nombre del editor, distribuidor, etc. |
El Colegio de la Frontera Norte, |
| Fecha de publicación, distribución, etc. |
2001. |
| 300 ## - DESCRIPCIÓN FÍSICA |
| Extensión |
308 p. ; |
| Dimensiones |
23 cm. |
| 520 ## - SUMARIO, ETC. |
| Sumario, etc. |
Un estudio académico de la subida y el ejercicio de poder del Partido Acción Nacional en Baja California, con especial atención a principios de la política y las elecciones, los conflictos internos y el crecimiento, finanzas, recursos humanos y el desarrollo de la estructura del partido. |
| 610 24 - PUNTO DE ACCESO ADICIONAL DE MATERIA--NOMBRE DE ENTIDAD CORPORATIVA |
| Nombre de entidad corporativa o nombre de jurisdicción como elemento de entrada |
PARTIDO ACCIOÓN NACIONAL |
| Subdivisión geográfica |
BAJA CALIFORNIA (MÉXICO) |
| 9 (RLIN) |
31708 |
| 651 #4 - PUNTO DE ACCESO ADICIONAL DE MATERIA--NOMBRE GEOGRÁFICO |
| Nombre geográfico |
Baja California (México{Rpara} |
| Subdivisión general |
Política Y Gobierno |
| Subdivisión cronológica |
SIGLO XX |
| 9 (RLIN) |
31709 |
| 910 ## - DATOS DE OPCIÓN DEL USUARIO (OCLC) |
| Datos de opción del usuario |
Catalogación por copia / LC |